00865nam a2200217 i 4500001000700000003000900007005001700016007000300033008004100036080001900077100003700096245017400133260003000307300003000337500002000367650004500387700004200432852003200474999001900506952012200525140713ES-MaACL20250815152343.0t|070914s1968 sp ||||1| spa d a667.66:621.3571 aYeates, Reginald Leslie.911760110aPintado electrolítico b: (pintado por electroforesis) : formulación y aplicación de pinturas / cpor R. L. Yeates ; [traducción de José Fernández Cañada]. aMadrid : bRiver, c1968. a238 p. : bil. ; c25 cm. aGrab. intercal.17aPintura por electroforesis2embne9160701 aFernández Cañadas, José.949548 aES-MaACLjC-45531 bR.66478 c140713d140713 00104070aATENEOMbATENEOMcDEPO2d2008-01-17eSCl0oC-45531p1146427r2023-02-23 00:00:00w2023-02-23yMONOGRAFIA